[Event "Junior Online 4NCL Division 3"]
[Site "online"]
[Date "2020.05.07"]
[Round "4.41"]
[White "Brightley-Davies, Ciaran"]
[Black "Jayawarna, Tarini"]
[Result "0-1"]
[WhiteElo "1637"]
[BlackElo "1652"]
[PlyCount "66"]
[EventDate "2020.05.07"]
[WhiteTeam "KJCA Young Kestrels C"]
[BlackTeam "Manchester Juniors A"]

1. e4 e6 2. d4 d5 3. Nd2 c5 4. c3 Nc6 5. Ngf3 Qb6 6. Bd3 Bd7 7. exd5 exd5 8.
Qe2+ Be7 9. dxc5 Qxc5 10. O-O Nf6 11. Nb3 Qd6 12. Bg5 O-O 13. Rfe1 Rfe8 14. Qc2
Rac8 15. Bxf6 Qxf6 16. Bxh7+ Kh8 17. Bd3 Qh6 18. Re3 Nb4 19. Qd2 Nxd3 20. Qxd3
Bc6 21. Ne5 Kg8 22. Rh3 Bh4 23. Nf3 g5 24. Nxh4 gxh4 25. Nd4 Bd7 26. Nf3 Bxh3
27. gxh3 Kh8 28. Kh1 Rcd8 29. Rg1 Rg8 30. Qd4+ f6 31. Rxg8+ Rxg8 32. Nxh4 Qc1+
33. Qd1 Qxd1# 0-1

[Event "Junior Online 4NCL Division 3"]
[Site "online"]
[Date "2020.05.07"]
[Round "4.42"]
[White "Jayawarna, Thisumi"]
[Black "Chaban, Roxolana"]
[Result "1-0"]
[WhiteElo "1562"]
[BlackElo "1690"]
[PlyCount "87"]
[EventDate "2020.05.07"]
[WhiteTeam "Manchester Juniors A"]
[BlackTeam "KJCA Young Kestrels C"]

1. e4 c5 2. Nf3 g6 3. d4 cxd4 4. Nxd4 Bg7 5. Nc3 Nc6 6. Be3 Nf6 7. f3 O-O 8.
Qd2 d5 9. Nxc6 bxc6 10. exd5 Nxd5 11. Nxd5 Qxd5 12. Qxd5 cxd5 13. O-O-O e6 14.
Bc5 Rd8 15. g4 a5 16. h4 h6 17. f4 Rd7 18. Bd4 Rb7 19. Bxg7 Kxg7 20. Bg2 Rab8
21. b3 Bd7 22. a4 Rb4 23. Rhf1 R4b7 24. f5 Rb4 25. fxe6 fxe6 26. Bf3 Rf8 27.
Kb2 Rbf4 28. Rd3 Bc8 29. Rf2 Ba6 30. Re3 d4 31. Rxe6 Rxf3 32. Rxf3 Rxf3 33.
Rxa6 Rf4 34. Rxa5 Rxg4 35. h5 g5 36. Rd5 Rh4 37. a5 Kf7 38. a6 Rf4 39. a7 Rf6
40. a8=Q g4 41. Qb7+ Ke6 42. Qc6+ Ke7 43. Rd7+ Ke8 44. Qc8# 1-0

[Event "Junior Online 4NCL Division 3"]
[Site "online"]
[Date "2020.05.07"]
[Round "4.43"]
[White "Oprea, Danny"]
[Black "Eccleston, Bryony"]
[Result "1-0"]
[WhiteElo "1630"]
[BlackElo "1390"]
[PlyCount "109"]
[EventDate "2020.05.07"]
[WhiteTeam "KJCA Young Kestrels C"]
[BlackTeam "Manchester Juniors A"]

1. c4 Nf6 2. g3 e6 3. Bg2 d5 4. cxd5 Nxd5 5. Nc3 Nxc3 6. bxc3 Be7 7. Nf3 Nc6 8.
O-O O-O 9. d4 b6 10. Ne5 Nxe5 11. Bxa8 Nd7 12. Bg2 Nf6 13. Bf4 Bd6 14. Bxd6
Qxd6 15. Qa4 Nd5 16. Bxd5 Qxd5 17. Qxa7 Bb7 18. f3 g5 19. Qa3 g4 20. Qb3 Qc6
21. c4 Qd6 22. c5 Qxd4+ 23. Kg2 gxf3+ 24. exf3 Qd2+ 25. Rf2 Qg5 26. cxb6 Bd5
27. Qb4 cxb6 28. Qxb6 f5 29. Qd4 f4 30. g4 Rd8 31. Qb6 Ra8 32. a4 Rc8 33. a5
Rc3 34. Raf1 h5 35. h3 hxg4 36. hxg4 Qxg4+ 37. Kh1 Rxf3 38. Qd8+ Kf7 39. Qd7+
Kf6 40. Qd8+ Kg6 41. Qg8+ Kh5 42. Qxg4+ Kxg4 43. Rxf3 Bxf3+ 44. Kg1 e5 45. Kf2
e4 46. Rg1+ Kf5 47. a6 Ke6 48. a7 Kd7 49. a8=Q Ke6 50. Qe8+ Kd5 51. Rg5+ Kd4
52. Qd7+ Kc3 53. Rc5+ Kb2 54. Qb7+ Ka1 55. Ra5# 1-0

[Event "Junior Online 4NCL Division 3"]
[Site "online"]
[Date "2020.05.07"]
[Round "4.45"]
[White "Jayawarna, Tarini"]
[Black "Brightley-Davies, Ciaran"]
[Result "1-0"]
[WhiteElo "1652"]
[BlackElo "1637"]
[PlyCount "111"]
[EventDate "2020.05.07"]
[WhiteTeam "Manchester Juniors A"]
[BlackTeam "KJCA Young Kestrels C"]

1. e4 e6 2. d4 d5 3. Nd2 dxe4 4. Nxe4 Bd7 5. Nf3 Bc6 6. Bd3 Nd7 7. O-O Ngf6 8.
Nxf6+ Nxf6 9. Bf4 Bd6 10. Qd2 Bxf3 11. gxf3 O-O 12. Kh1 Nh5 13. Bxd6 Qxd6 14.
Rg1 Nf4 15. Be4 Ng6 16. Rg3 c6 17. Rag1 f5 18. Bd3 Qxd4 19. c3 Qd5 20. c4 Qd4
21. Qe2 e5 22. Rg5 Qf4 23. c5 Rae8 24. Bc4+ Kh8 25. Rh5 Nh4 26. Rg3 Rf6 27. Rh3
Rh6 28. R3xh4 Qc1+ 29. Qf1 Qxf1+ 30. Bxf1 Rxh5 31. Rxh5 g6 32. Rh4 Rd8 33. Rb4
Rd2 34. Kg2 Rd7 35. Bc4 Rd4 36. b3 b5 37. cxb6 axb6 38. Rxb6 c5 39. Re6 e4 40.
f4 Rd2 41. a4 Rd8 42. a5 Ra8 43. a6 Kg8 44. Re7+ Kh8 45. a7 Rd8 46. Rb7 Ra8 47.
Rb8+ Rxb8 48. axb8=Q+ Kg7 49. Qc7+ Kh6 50. Qxc5 e3 51. fxe3 g5 52. Qf8+ Kg6 53.
Bf7+ Kf6 54. Bg8+ Kg6 55. Qf7+ Kh6 56. Qxh7# 1-0

[Event "Junior Online 4NCL Division 3"]
[Site "online"]
[Date "2020.05.07"]
[Round "4.46"]
[White "Chaban, Roxolana"]
[Black "Jayawarna, Thisumi"]
[Result "0-1"]
[WhiteElo "1690"]
[BlackElo "1562"]
[PlyCount "136"]
[EventDate "2020.05.07"]
[WhiteTeam "KJCA Young Kestrels C"]
[BlackTeam "Manchester Juniors A"]

1. e4 d5 2. exd5 Qxd5 3. Nc3 Qa5 4. d4 Nf6 5. Bc4 c6 6. Bd2 Bf5 7. Nf3 e6 8.
Nd5 Qd8 9. Nxf6+ Qxf6 10. O-O Qd8 11. Re1 Be7 12. Bb3 O-O 13. h3 Nd7 14. Bf4
Re8 15. Qd2 Nf6 16. Rad1 Nd5 17. Bg3 Rc8 18. Ne5 h6 19. Qc1 Bd6 20. c4 Nb4 21.
a3 Bxe5 22. axb4 Bxg3 23. fxg3 Qd6 24. Qc3 Red8 25. c5 Qe7 26. Qf3 Rc7 27. g4
Bg6 28. Rd2 Rcd7 29. Red1 e5 30. Qe3 exd4 31. Qxe7 Rxe7 32. Rxd4 Rxd4 33. Rxd4
Re2 34. Rd8+ Kh7 35. Rd7 Rxb2 36. Bxf7 Bxf7 37. Rxf7 Rxb4 38. Rf8 a5 39. Ra8 a4
40. Kf2 Rc4 41. Ra5 a3 42. Rxa3 Rxc5 43. Ra8 b5 44. Rb8 Rc3 45. Ke1 Rb3 46. Kd1
Rg3 47. Rc8 Rxg2 48. Rxc6 Rg3 49. Rb6 Rxh3 50. Rxb5 Rh4 51. Rb4 h5 52. Rb3 Rxg4
53. Rh3 Kh6 54. Ke2 g5 55. Kf3 Rf4+ 56. Ke3 Ra4 57. Kf2 g4 58. Rh4 Kg5 59. Rh1
h4 60. Ke3 g3 61. Kf3 Ra3+ 62. Kg2 Kg4 63. Kg1 Ra1+ 64. Kg2 Rxh1 65. Kxh1 Kh3
66. Kg1 g2 67. Kf2 Kh2 68. Ke3 g1=Q+ 0-1

[Event "Junior Online 4NCL Division 3"]
[Site "online"]
[Date "2020.05.07"]
[Round "4.47"]
[White "Eccleston, Bryony"]
[Black "Oprea, Danny"]
[Result "0-1"]
[WhiteElo "1390"]
[BlackElo "1630"]
[PlyCount "116"]
[EventDate "2020.05.07"]
[WhiteTeam "Manchester Juniors A"]
[BlackTeam "KJCA Young Kestrels C"]

1. d4 d5 2. Bf4 Nf6 3. e3 a6 4. Nf3 e6 5. Be2 Be7 6. O-O O-O 7. Nbd2 b5 8. c3
Bb7 9. Qc2 Nbd7 10. Nb3 c5 11. dxc5 Nxc5 12. Nxc5 Bxc5 13. Be5 h6 14. Rad1 Bd6
15. Bxd6 Qxd6 16. Bd3 e5 17. e4 dxe4 18. Bxe4 Bxe4 19. Rxd6 Bxc2 20. Nxe5 Rfe8
21. Re1 Ng4 22. f4 Nxe5 23. Rxe5 Rxe5 24. fxe5 Bb1 25. a3 Ba2 26. Kf2 a5 27.
Kf3 a4 28. Ke4 Bc4 29. Kf5 Re8 30. Ke4 f6 31. Kf5 Rxe5+ 32. Kg4 Rg5+ 33. Kf4
Rxg2 34. Kf5 Rxh2 35. Kg6 Rg2+ 36. Kf5 Rg5+ 37. Kf4 Kh7 38. Rd4 Kg6 39. Ke3 Rg2
40. Rd2 Rxd2 41. Kxd2 h5 42. Ke3 Kg5 43. Kf3 f5 44. Kg3 h4+ 45. Kh3 g6 46. Kg2
Kg4 47. Kh2 g5 48. Kg2 h3+ 49. Kh2 Kf3 50. Kh1 f4 51. Kh2 Ke2 52. Kg1 f3 53.
Kh2 f2 54. Kg3 f1=R 55. Kh2 g4 56. Kg3 Rf3+ 57. Kh2 g3+ 58. Kg1 Rf1# 0-1

[Event "Junior Online 4NCL Division 3"]
[Site "online"]
[Date "2020.05.07"]
[Round "4.48"]
[White "Ajili, Nour"]
[Black "Fairclough, William"]
[Result "1/2-1/2"]
[WhiteElo "1547"]
[BlackElo "1315"]
[PlyCount "137"]
[EventDate "2020.05.07"]
[WhiteTeam "KJCA Young Kestrels C"]
[BlackTeam "Manchester Juniors A"]

1. e4 e6 2. Nc3 c5 3. Nf3 Nc6 4. d4 cxd4 5. Nxd4 Bb4 6. Nxc6 bxc6 7. Bd2 Nf6 8.
Bd3 d5 9. exd5 cxd5 10. Bb5+ Bd7 11. Bxd7+ Qxd7 12. O-O O-O 13. Ne2 Bd6 14. Bf4
e5 15. Bg5 Be7 16. Bxf6 Bxf6 17. Nc3 Rfd8 18. Qf3 Rab8 19. Rab1 e4 20. Qg3 Qf5
21. Rfd1 d4 22. Ne2 Be5 23. Qh3 Qxh3 24. gxh3 Rbc8 25. c3 dxc3 26. bxc3 g6 27.
Rxd8+ Rxd8 28. Rb5 Bg7 29. Rb7 a5 30. Ra7 h5 31. Rxa5 Rd2 32. Kf1 Rd3 33. c4
Rxh3 34. Kg1 Rd3 35. c5 Rd5 36. Ra8+ Kh7 37. c6 Rc5 38. Ra6 Be5 39. Ng3 f5 40.
Kg2 Kh6 41. f3 e3 42. a4 Rc2+ 43. Kf1 Rf2+ 44. Ke1 Bc3+ 45. Kd1 f4 46. Ne2 Be5
47. Ra5 Bd6 48. Rd5 Rf1+ 49. Kc2 Bc7 50. Rd7 Ba5 51. Rf7 Ra1 52. Rxf4 Ra2+ 53.
Kd3 Ra3+ 54. Ke4 Rxa4+ 55. Kxe3 Rxf4 56. Nxf4 Bc7 57. Ne6 Bb6+ 58. Kd3 g5 59.
c7 Bxc7 60. Nxc7 g4 61. fxg4 hxg4 62. Nd5 Kg5 63. Ne3 Kh4 64. Nf5+ Kh3 65. Ke3
Kxh2 66. Kf2 Kh3 67. Ng3 Kh2 68. Nf5 Kh3 69. Ng3 1/2-1/2

[Event "Junior Online 4NCL Division 3"]
[Site "online"]
[Date "2020.05.07"]
[Round "4.51"]
[White "Pyun, Lindsay"]
[Black "Kukreja, Karan"]
[Result "1/2-1/2"]
[WhiteElo "1495"]
[BlackElo "1540"]
[PlyCount "104"]
[EventDate "2020.05.07"]
[WhiteTeam "Leicestershire Juniors 1"]
[BlackTeam "Warwickshire Bears B"]

1. e4 c6 2. d4 d5 3. exd5 cxd5 4. Nf3 Nf6 5. Bd3 Bg4 6. c3 e6 7. h3 Bh5 8. Bf4
Bd6 9. Bxd6 Qxd6 10. Nbd2 Nbd7 11. O-O a6 12. a4 O-O 13. Re1 Rfc8 14. Rc1 Rc7
15. Nf1 Rac8 16. Ng3 Bxf3 17. Qxf3 h6 18. Qe2 Nb6 19. Ra1 Nc4 20. Bxc4 Rxc4 21.
Qe5 Qd7 22. a5 Qc7 23. Qxc7 R4xc7 24. Re3 Rb8 25. Nf1 Ne4 26. f3 Nf6 27. Nd2 b5
28. axb6 Rxb6 29. b4 Rbc6 30. Rc1 Rb7 31. Nb3 Rc8 32. Nc5 Ra7 33. Ra1 Nd7 34.
Nxd7 Rxd7 35. Rxa6 Rdc7 36. Ra3 g5 37. Kf2 Kg7 38. g4 Kg6 39. Kg3 h5 40. gxh5+
Kxh5 41. f4 gxf4+ 42. Kxf4 Kg6 43. Rg3+ Kf6 44. h4 Rh8 45. Rh3 Rh5 46. Kg4 Rh6
47. Re3 Rc8 48. Ra1 Rch8 49. Rh1 Rg6+ 50. Kf3 Rgh6 51. Kg4 Kg7 52. Rg3 Kf8
1/2-1/2

[Event "Junior Online 4NCL Division 3"]
[Site "online"]
[Date "2020.05.07"]
[Round "4.52"]
[White "Pillay, Shriya"]
[Black "Tang, Joshua"]
[Result "1-0"]
[WhiteElo "1547"]
[BlackElo "1495"]
[PlyCount "90"]
[EventDate "2020.05.07"]
[WhiteTeam "Warwickshire Bears B"]
[BlackTeam "Leicestershire Juniors 1"]

1. e4 d5 2. exd5 Nf6 3. d4 e6 4. dxe6 Bxe6 5. Nf3 c5 6. c3 Bd6 7. Bb5+ Nbd7 8.
Bg5 O-O 9. O-O Re8 10. Re1 a6 11. Bxd7 Bxd7 12. Rxe8+ Bxe8 13. Nbd2 h6 14. Bh4
Be7 15. Qe2 Nd5 16. Bg3 Bc6 17. Re1 Qd7 18. c4 Re8 19. cxd5 Bxd5 20. dxc5 Bxa2
21. Bd6 Be6 22. Bxe7 Qxe7 23. b4 a5 24. bxa5 Qxc5 25. Qe5 Qc6 26. Nd4 Qd7 27.
Re2 Kf8 28. Nxe6+ Rxe6 29. Qb8+ Ke7 30. Rxe6+ Qxe6 31. Qxb7+ Kf6 32. Qb2+ Ke7
33. Qb4+ Ke8 34. Qe4 Qxe4 35. Nxe4 Kd8 36. f4 Kc8 37. a6 Kb8 38. Nc5 g6 39. g4
h5 40. h3 Ka7 41. Kf2 Kb6 42. Ke3 f5 43. gxh5 gxh5 44. Kd4 h4 45. Ke5 Kxc5 1-0

[Event "Junior Online 4NCL Division 3"]
[Site "online"]
[Date "2020.05.07"]
[Round "4.54"]
[White "Johal, Amrissa Kaur"]
[Black "Mehta, Sophie"]
[Result "0-1"]
[WhiteElo "1487"]
[BlackElo "1360"]
[PlyCount "122"]
[EventDate "2020.05.07"]
[WhiteTeam "Warwickshire Bears B"]
[BlackTeam "Leicestershire Juniors 1"]

1. d4 Nf6 2. Nc3 d5 3. Bg5 e6 4. e4 h6 5. Bh4 g5 6. e5 Ne4 7. Nxe4 dxe4 8. Bg3
Nc6 9. c3 f6 10. f4 gxf4 11. Bxf4 fxe5 12. Bxe5 Nxe5 13. dxe5 Qh4+ 14. g3 Qg5
15. Qa4+ Bd7 16. Qxe4 Bc6 17. Qd3 Qxe5+ 18. Be2 Bxh1 19. Nf3 Bxf3 20. Qxf3
O-O-O 21. Kf2 Qc5+ 22. Kg2 Qd5 23. Rf1 Qxf3+ 24. Bxf3 Rd2+ 25. Kh3 Rxb2 26. Bg4
Kd7 27. a4 h5 28. Bf3 Be7 29. Be4 h4 30. Rf7 hxg3+ 31. Kxg3 Rg8+ 32. Kh3 Rb3
33. Rf3 Rh8+ 34. Kg3 Bd6+ 35. Kg4 Bxh2 36. Rd3+ Kc8 37. Rf3 Be5 38. c4 Rxf3 39.
Bxf3 Bf6 40. Kf4 Rh4+ 41. Ke3 Rxc4 42. a5 Rc3+ 43. Ke2 Rxf3 44. Kxf3 Bc3 45.
Ke3 Bxa5 46. Ke4 b5 47. Ke5 b4 48. Kxe6 b3 49. Kd5 b2 50. Kc5 b1=Q 51. Kd5 Qc1
52. Kd4 Bb6+ 53. Ke4 a5 54. Kd5 a4 55. Ke6 a3 56. Ke7 a2 57. Ke8 a1=Q 58. Kf7
Qe3 59. Kg6 Qf1 60. Kh5 Qg3 61. Kh6 Qh1# 0-1

[Event "Junior Online 4NCL Division 3"]
[Site "online"]
[Date "2020.05.07"]
[Round "4.55"]
[White "Kukreja, Karan"]
[Black "Pyun, Lindsay"]
[Result "1/2-1/2"]
[WhiteElo "1540"]
[BlackElo "1495"]
[PlyCount "51"]
[EventDate "2020.05.07"]
[WhiteTeam "Warwickshire Bears B"]
[BlackTeam "Leicestershire Juniors 1"]

1. d4 d5 2. Bf4 Bf5 3. e3 e6 4. Nf3 Nf6 5. Bd3 Bxd3 6. Qxd3 Nc6 7. a3 Bd6 8.
Bxd6 Qxd6 9. Nbd2 O-O 10. O-O e5 11. Nxe5 Nxe5 12. dxe5 Qxe5 13. b4 c6 14. Nf3
Qe4 15. Qxe4 Nxe4 16. Rfd1 f6 17. h3 Rfe8 18. Nd4 Nd6 19. Rac1 Nc4 20. Ra1 a5
21. c3 axb4 22. axb4 Kf7 23. Rxa8 Rxa8 24. b5 c5 25. Ne2 Rd8 26. Nf4 1/2-1/2

[Event "Junior Online 4NCL Division 3"]
[Site "online"]
[Date "2020.05.07"]
[Round "4.56"]
[White "Tang, Joshua"]
[Black "Pillay, Shriya"]
[Result "0-1"]
[WhiteElo "1495"]
[BlackElo "1547"]
[PlyCount "122"]
[EventDate "2020.05.07"]
[WhiteTeam "Leicestershire Juniors 1"]
[BlackTeam "Warwickshire Bears B"]

1. e4 e5 2. Nf3 Nc6 3. Bc4 Bc5 4. c3 Nf6 5. d4 exd4 6. cxd4 Bb6 7. d5 Ne7 8. e5
Ne4 9. O-O d6 10. Qe2 Nc5 11. exd6 cxd6 12. Re1 a6 13. Be3 Bg4 14. b4 Nd7 15.
Bxb6 Nxb6 16. Nbd2 Rc8 17. Bb3 Rc7 18. h3 Bxf3 19. Nxf3 O-O 20. Rac1 Nexd5 21.
Rxc7 Qxc7 22. Rd1 Nc3 23. Qc2 Rc8 24. Rd2 g6 25. Qd3 d5 26. Rc2 Qc6 27. Nd4 Qc7
28. Ne2 Nxe2+ 29. Rxe2 Qc1+ 30. Kh2 Qf4+ 31. g3 Qxb4 32. Bxd5 Nxd5 33. Qxd5 Qc5
34. Re8+ Kg7 35. Rd8 Qxd5 36. Rxd5 Rc2 37. Rd7 b5 38. Kg1 Rxa2 39. Kf1 a5 40.
Ke1 b4 41. f4 b3 42. Rb7 b2 43. Kd1 Ra1+ 44. Kc2 b1=Q+ 45. Rxb1 Rxb1 46. Kxb1
f5 47. Kb2 Kf6 48. Ka3 g5 49. Ka4 gxf4 50. gxf4 Ke6 51. Kxa5 Kd5 52. Kb6 Ke4
53. Kc6 Kxf4 54. h4 h5 55. Kd5 Kg3 56. Kd4 f4 57. Ke4 f3 58. Kf5 f2 59. Kg5
f1=Q 60. Kxh5 Qf3+ 61. Kg5 Qg4+ 0-1

[Event "Junior Online 4NCL Division 3"]
[Site "online"]
[Date "2020.05.07"]
[Round "4.57"]
[White "Nasibova, Margarita"]
[Black "Powell, Henry"]
[Result "1-0"]
[WhiteElo "1450"]
[BlackElo "1382"]
[PlyCount "81"]
[EventDate "2020.05.07"]
[WhiteTeam "Warwickshire Bears B"]
[BlackTeam "Leicestershire Juniors 1"]

1. c4 e6 2. Nc3 Nf6 3. g3 d5 4. cxd5 Nxd5 5. Bg2 Nxc3 6. bxc3 Nc6 7. e4 Bc5 8.
d3 O-O 9. Ne2 Bb6 10. O-O Bd7 11. h3 Ne5 12. Kh2 Qf6 13. f4 Ng6 14. g4 Qh4 15.
Ng3 Bb5 16. c4 Bd4 17. Rb1 Bc6 18. Bd2 a6 19. Be1 Qe7 20. Bf2 Bxf2 21. Rxf2 Qc5
22. Qf3 b5 23. cxb5 Bxb5 24. Rbb2 Rfd8 25. Bf1 Qd4 26. Rfd2 c5 27. Ne2 Qd7 28.
Nc3 Rab8 29. f5 Ne5 30. Qe3 Qd4 31. Qxd4 Rxd4 32. Nxb5 axb5 33. Rb3 b4 34. a3
c4 35. Rxb4 Rxb4 36. axb4 cxd3 37. b5 Rxe4 38. b6 Rb4 39. Bxd3 Nxd3 40. Rxd3
Rxb6 41. Rd8# 1-0

[Event "Junior Online 4NCL Division 3"]
[Site "online"]
[Date "2020.05.07"]
[Round "4.58"]
[White "Mehta, Sophie"]
[Black "Johal, Amrissa Kaur"]
[Result "1-0"]
[WhiteElo "1360"]
[BlackElo "1487"]
[PlyCount "49"]
[EventDate "2020.05.07"]
[WhiteTeam "Leicestershire Juniors 1"]
[BlackTeam "Warwickshire Bears B"]

1. e4 e5 2. Nf3 Nc6 3. Bc4 h6 4. Nc3 Bb4 5. Nd5 d6 6. Nxb4 Nxb4 7. c3 Nc6 8.
O-O Nf6 9. d4 O-O 10. dxe5 Nxe5 11. Nxe5 dxe5 12. f3 Qe7 13. Re1 Rd8 14. Qb3
Rb8 15. f4 Rd7 16. Be3 b6 17. Rad1 Nxe4 18. Rxd7 Qxd7 19. fxe5 Bb7 20. Rd1 Qg4
21. Bxf7+ Kh7 22. Rf1 Nd2 23. Qc2+ Ne4 24. Rf4 Qg6 25. Bxg6+ 1-0

[Event "Junior Online 4NCL Division 3"]
[Site "online"]
[Date "2020.05.07"]
[Round "4.61"]
[White "Ray, Hiya"]
[Black "Hurst, Joseph"]
[Result "1-0"]
[WhiteElo "1823"]
[BlackElo "1645"]
[PlyCount "35"]
[EventDate "2020.05.07"]
[WhiteTeam "St John's College A"]
[BlackTeam "Robin Hoods 1"]

1. d4 Nf6 2. Nf3 g6 3. c4 Bg7 4. g3 d6 5. Bg2 O-O 6. O-O Nc6 7. Nc3 e5 8. e4
Nd7 9. Bg5 f6 10. Be3 f5 11. exf5 gxf5 12. dxe5 Ndxe5 13. Ng5 h6 14. Nh3 Nxc4
15. Qd5+ Kh8 16. Qxc4 Ne5 17. Qe2 Ng4 18. Nf4 1-0

[Event "Junior Online 4NCL Division 3"]
[Site "online"]
[Date "2020.05.07"]
[Round "4.62"]
[White "Stapleton, Dean"]
[Black "Choudhury, Anish"]
[Result "0-1"]
[WhiteElo "1457"]
[BlackElo "1448"]
[PlyCount "62"]
[EventDate "2020.05.07"]
[WhiteTeam "Robin Hoods 1"]
[BlackTeam "St John's College A"]

1. d4 d5 2. Nc3 Nf6 3. Bf4 c5 4. Nb5 Qa5+ 5. Nc3 Nc6 6. e3 e6 7. Nf3 Qb6 8. Bb5
Bd7 9. Qd2 a6 10. Bxc6 Bxc6 11. O-O Qxb2 12. Rab1 Qa3 13. Ne2 cxd4 14. exd4
Qxa2 15. Ne5 Qa3 16. c4 Qe7 17. c5 Qd8 18. Nc3 Be7 19. Rb6 Qc8 20. Qe2 Bd8 21.
Rb3 Ba5 22. Nd1 Bb5 23. Nd3 O-O 24. Bg5 Ne4 25. Qg4 Nxg5 26. Qxg5 Bc4 27. Ra3
Bd8 28. Qh5 Bf6 29. Ne5 Bxf1 30. Rh3 Bd3 31. Nxd3 h6 0-1

[Event "Junior Online 4NCL Division 3"]
[Site "online"]
[Date "2020.05.07"]
[Round "4.63"]
[White "Dantu, Sridatta"]
[Black "Tomsett, Jonah"]
[Result "1-0"]
[WhiteElo "1368"]
[BlackElo "1382"]
[PlyCount "103"]
[EventDate "2020.05.07"]
[WhiteTeam "St John's College A"]
[BlackTeam "Robin Hoods 1"]

1. e4 e5 2. Nf3 Nc6 3. Bc4 Nf6 4. d4 d6 5. dxe5 dxe5 6. Qxd8+ Kxd8 7. Nxe5 Nxe5
8. Kf1 Nxc4 9. Bg5 h6 10. Bxf6+ gxf6 11. Ke2 Ne5 12. Rd1+ Ke8 13. Nc3 Bg4+ 14.
f3 Be6 15. Nd5 Bxd5 16. Rxd5 Rd8 17. Rad1 Rxd5 18. Rxd5 c6 19. Rd4 Rg8 20. g3
Bc5 21. Rd2 h5 22. f4 Nc4 23. Rd3 Nxb2 24. Rb3 Na4 25. Rxb7 Nc3+ 26. Kf3 Nxa2
27. Rb8+ Kd7 28. Rxg8 Ke7 29. Rc8 Nb4 30. Rh8 Nxc2 31. Rxh5 Ne1+ 32. Kg4 Kd6
33. Kf5 Ke7 34. Rh6 Bd4 35. e5 fxe5 36. fxe5 Nf3 37. Rxc6 Nxh2 38. g4 Nf3 39.
e6 Nh4+ 40. Ke4 Ba1 41. Kd5 Ng2 42. Rc7+ Kf6 43. e7 Ne3+ 44. Ke4 Nxg4 45. e8=Q
Kg7 46. Qxf7+ Kh6 47. Rc6+ Kg5 48. Qf5+ Kh4 49. Rh6+ Kg3 50. Rg6 Kh3 51. Qxg4+
Kh2 52. Qg2# 1-0

[Event "Junior Online 4NCL Division 3"]
[Site "online"]
[Date "2020.05.07"]
[Round "4.64"]
[White "Griffin-Young, Sebastian"]
[Black "Nukalapati, Sarthak"]
[Result "0-1"]
[WhiteElo "1420"]
[BlackElo "1322"]
[PlyCount "80"]
[EventDate "2020.05.07"]
[WhiteTeam "Robin Hoods 1"]
[BlackTeam "St John's College A"]

1. d4 Nf6 2. Bf4 e6 3. e3 d5 4. Nf3 c5 5. Bb5+ Bd7 6. Qe2 Qc8 7. c3 Nc6 8. Nbd2
a6 9. Ba4 b5 10. Bc2 Be7 11. O-O Qb7 12. Nb3 Qb6 13. Rad1 a5 14. Nxc5 Bxc5 15.
dxc5 Qxc5 16. Nd4 Nxd4 17. exd4 Qb6 18. Qf3 O-O 19. Be5 Ne8 20. Qh3 h6 21. Rd3
f6 22. Bf4 Qb7 23. Rg3 e5 24. Qxh6 exf4 25. Qxg7+ Nxg7 26. Rg6 Be8 27. Rh6 Kf7
28. Bg6+ Ke7 29. Rh7 Kd8 30. Rxg7 Qxg7 31. Bxe8 Rxe8 32. Rd1 f3 33. g3 Qh6 34.
h4 Rg8 35. Rd3 Qc1+ 36. Kh2 Qc2 37. Rxf3 Qxb2 38. Rxf6 Ke7 39. Rc6 Qxf2+ 40.
Kh3 Rxg3# 0-1

[Event "Junior Online 4NCL Division 3"]
[Site "online"]
[Date "2020.05.07"]
[Round "4.65"]
[White "Hurst, Joseph"]
[Black "Ray, Hiya"]
[Result "1/2-1/2"]
[WhiteElo "1645"]
[BlackElo "1823"]
[PlyCount "51"]
[EventDate "2020.05.07"]
[WhiteTeam "Robin Hoods 1"]
[BlackTeam "St John's College A"]

1. e4 c5 2. Nf3 d6 3. d4 cxd4 4. Nxd4 Nf6 5. f3 g6 6. c4 Bg7 7. Nc3 O-O 8. Be3
Nc6 9. Be2 Bd7 10. Qd2 Nh5 11. O-O Nxd4 12. Bxd4 Bxd4+ 13. Qxd4 Nf4 14. Bd1 e5
15. Qxd6 Qg5 16. g3 Rfd8 17. Qc5 Rac8 18. Qxa7 Nh3+ 19. Kh1 Qd2 20. Nd5 Qxb2
21. Bb3 Kg7 22. Qxb7 Nf2+ 23. Kg1 Nh3+ 24. Kh1 Nf2+ 25. Kg1 Nh3+ 26. Kh1
1/2-1/2

[Event "Junior Online 4NCL Division 3"]
[Site "online"]
[Date "2020.05.07"]
[Round "4.66"]
[White "Choudhury, Anish"]
[Black "Stapleton, Dean"]
[Result "1-0"]
[WhiteElo "1448"]
[BlackElo "1457"]
[PlyCount "47"]
[EventDate "2020.05.07"]
[WhiteTeam "St John's College A"]
[BlackTeam "Robin Hoods 1"]

1. e3 e5 2. d4 d6 3. dxe5 Bf5 4. Bc4 Nc6 5. exd6 Bxd6 6. Nc3 Qf6 7. Bd2 O-O-O
8. Nf3 Bb4 9. a3 Bd6 10. Bb3 Nge7 11. Qe2 Rhe8 12. O-O-O Ng6 13. Rhe1 Nf4 14.
Qf1 Ng6 15. e4 Bg4 16. Bg5 Bf4+ 17. Bxf4 Qxf4+ 18. Kb1 Na5 19. Rxd8+ Rxd8 20.
Bd5 Ne7 21. Qb5 Nxd5 22. Nxd5 Qh6 23. Qxa5 Qa6 24. Qa4 1-0

[Event "Junior Online 4NCL Division 3"]
[Site "online"]
[Date "2020.05.07"]
[Round "4.67"]
[White "Tomsett, Jonah"]
[Black "Dantu, Sridatta"]
[Result "0-1"]
[WhiteElo "1382"]
[BlackElo "1368"]
[PlyCount "58"]
[EventDate "2020.05.07"]
[WhiteTeam "Robin Hoods 1"]
[BlackTeam "St John's College A"]

1. e4 d5 2. exd5 Nf6 3. Nc3 Nxd5 4. Nxd5 Qxd5 5. Nf3 Bg4 6. Bd3 Nc6 7. b3 O-O-O
8. Bc4 Qe4+ 9. Be2 e5 10. h3 Bh5 11. d3 Qb4+ 12. Bd2 Qb6 13. Ng5 Bxe2 14. Qxe2
Nd4 15. Qd1 Qf6 16. O-O h6 17. Qg4+ Kb8 18. Ne4 Qe6 19. Qxe6 Nxe6 20. a4 f5 21.
Ng3 f4 22. Ne2 g5 23. Bc3 Bd6 24. f3 h5 25. Bb2 Rhg8 26. c4 Bc5+ 27. Kh1 g4 28.
fxg4 hxg4 29. hxg4 Rh8# 0-1

[Event "Junior Online 4NCL Division 3"]
[Site "online"]
[Date "2020.05.07"]
[Round "4.68"]
[White "Nukalapati, Sarthak"]
[Black "Griffin-Young, Sebastian"]
[Result "1-0"]
[WhiteElo "1322"]
[BlackElo "1420"]
[PlyCount "75"]
[EventDate "2020.05.07"]
[WhiteTeam "St John's College A"]
[BlackTeam "Robin Hoods 1"]

1. e4 e5 2. Nf3 Nc6 3. Nc3 d6 4. d4 exd4 5. Nxd4 Be7 6. Nxc6 bxc6 7. Bc4 Nf6 8.
O-O O-O 9. Re1 Bg4 10. f3 Bh5 11. Bf4 Rb8 12. Qc1 Rb4 13. Bb3 c5 14. a3 Rb6 15.
Qe3 Re8 16. Na4 Ra6 17. Nc3 Qc8 18. Qd3 Bg6 19. Qe2 Nh5 20. Be3 c6 21. f4 Nf6
22. f5 Bh5 23. Qf1 Bf8 24. Bg5 Be7 25. e5 dxe5 26. Rxe5 Bd6 27. Rxe8+ Nxe8 28.
f6 Nxf6 29. Bxf6 gxf6 30. Qxf6 Qb8 31. Rf1 Bxh2+ 32. Kh1 Be5 33. Qg5+ Kh8 34.
Qxh5 Bc7 35. Rxf7 Qg8 36. Rxc7 Qg6 37. Qe5+ Qf6 38. Qxf6# 1-0

[Event "Junior Online 4NCL Division 3"]
[Site "online"]
[Date "2020.05.07"]
[Round "4.71"]
[White "Southcott-Moyers, Indy"]
[Black "Shaporenkov, Robert"]
[Result "1-0"]
[WhiteElo "1487"]
[BlackElo "1427"]
[PlyCount "101"]
[EventDate "2020.05.07"]
[WhiteTeam "Stroud Cubs"]
[BlackTeam "St Albans Early Knights 2"]

1. d4 d6 2. c4 Nf6 3. Nc3 e5 4. dxe5 dxe5 5. Qxd8+ Kxd8 6. a3 Bf5 7. Bg5 Be7 8.
Rd1+ Ke8 9. Bxf6 Bxf6 10. Nd5 Bd8 11. Nc3 Nc6 12. e4 Bg4 13. f3 Be6 14. Nd5 Kf8
15. Ne2 g6 16. Nec3 Kg7 17. Be2 Rf8 18. O-O Kg8 19. Nb5 Bxd5 20. cxd5 Nb8 21.
Rc1 c6 22. Nc3 Bb6+ 23. Kh1 Rc8 24. g3 Nd7 25. Rfd1 Nf6 26. dxc6 Rxc6 27. Nd5
Rxc1 28. Nxf6+ Kg7 29. Nh5+ gxh5 30. Rxc1 Rd8 31. Rc2 Kg6 32. Kg2 Kg5 33. h4+
Kg6 34. Bc4 h6 35. Bd5 a6 36. Bxb7 f5 37. Rc6+ Kf7 38. Rxb6 Rd2+ 39. Kh3 Rf2
40. exf5 e4 41. Bxe4 a5 42. Rb5 a4 43. Rb4 Kf6 44. Rxa4 Rxb2 45. Ra6+ Kg7 46.
f6+ Kf7 47. Bd5+ Kf8 48. f7 Rb5 49. Ra8+ Ke7 50. f8=Q+ Kd7 51. Qd8# 1-0